| 000 | 01435cad a22002295a 4500 | ||
|---|---|---|---|
| 001 | L157080 | ||
| 008 | 120829s2012 xxk f 000 0 eng d | ||
| 020 | _a9781842198179 | ||
| 035 | _a(Sirsi) u157080 | ||
| 041 | 0 | _aeng | |
| 100 | 1 | _aRoberts, Gareth | |
| 245 | 0 | 0 |
_aNon-domestic real estate climate change model _bquantifying the sensitivity of carbon emissions and operating costs to regional climatic impacts _h[electronic resource] |
| 260 |
_aLondon _bRICS _c2012 |
||
| 490 | 0 | _aRICS Research | |
| 520 | _aThis research looks at how to quantify and predict the impacts of climate change on UK and European property. Specifically, it set out to: establish the effects of external temperature rises on carbon emissions from the UK commercial real estate sector; establish trends for the different use classes; identify the building-specific and locational characteristics that determine building-related emissions; assess the importance of the behavioral aspects of climate change; explore the impacts of time effects on building-related emissions; establish a business case for the mandatory roll out of Display Energy Certificates across all sectors. | ||
| 651 | 4 |
_aUnited Kingdom _y |
|
| 690 |
_aEnergy _96237 |
||
| 700 | 1 | _aDwyer, Patrick | |
| 700 | 1 | _aTaylor, June | |
| 856 | 4 | 0 |
_uhttps://www.rics.org/Global/Real_Estate_Climate_Change_140312_dwl_aj.pdf _zView the main report free of charge at www.rics.org |
| 942 | _n0 | ||
| 999 |
_c114579 _d114579 |
||